Building an Intranet with Windows NT 4

The "ins and outs" of planning, installing, configuring and administering a Windows NT 4.0-based intranet for an organization is the focus of this kit. The book includes detailed instructions on how to use the software on the CD to develop an intranet's content: HTML pages, CGI script...

Ausführliche Beschreibung

Gespeichert in:
Bibliographische Detailangaben
1. Verfasser: Zimmerman, Scott
Format: Buch
Sprache:Undetermined
Veröffentlicht: Indianapolis, Ind. Sams.net 1996
Schlagworte:
Tags: Tag hinzufügen
Keine Tags, Fügen Sie den ersten Tag hinzu!
Thư viện lưu trữ: Trung tâm Học liệu Trường Đại học Cần Thơ
LEADER 00875nam a2200193Ia 4500
001 CTU_23256
008 210402s9999 xx 000 0 und d
082 |a 005.37682 
082 |b Z72 
100 |a Zimmerman, Scott 
245 0 |a Building an Intranet with Windows NT 4 
245 0 |c Scott Zimmerman, Tim Evans 
260 |a Indianapolis, Ind. 
260 |b Sams.net 
260 |c 1996 
520 |a The "ins and outs" of planning, installing, configuring and administering a Windows NT 4.0-based intranet for an organization is the focus of this kit. The book includes detailed instructions on how to use the software on the CD to develop an intranet's content: HTML pages, CGI scripts, image maps, etc. 
650 |a Mạng nội bộ (Mạng máy tính),Intranets (Computer networks) 
904 |i Qhieu 
980 |a Trung tâm Học liệu Trường Đại học Cần Thơ